Normal view
MARC view
Entry Topical Term
001 - CONTROL NUMBER
- control field: 21352
003 - CONTROL NUMBER IDENTIFIER
- control field: dpl
005 - DATE AND TIME OF LATEST TRANSACTION
- control field: 20100924102603.0
008 - FIXED-LENGTH DATA ELEMENTS
- fixed length control field: 100924|||a|||||| | ||| d
040 ## - CATALOGING SOURCE
- Original cataloging agency: dpl
- Transcribing agency: dpl
150 ## - HEADING--TOPICAL TERM
- Topical term or geographic name as entry element: Authors, Indic
- Chronological subdivision: 20th century
- Form subdivision: Anecdotes.
670 ## - SOURCE DATA FOUND
- Source citation: Work cat.: (dpl)35720: Dhar, Maloy Krishna 21350, Train to India:, 2009
670 ## - SOURCE DATA FOUND
- Source citation: Work cat.: (dpl)35720: Dhar, Maloy Krishna 21350, Train to India:, 2009
